000 002060000a22000970004500
100 1 _aCarter, Mike
245 1 0 _aAgroforestry
300 _aNúm 5, (1990). Páginas 4-5
773 0 _tPaso a paso
942 _cANA
999 _c52059
_d52059